| 000 | 00467cam a22001217a 4500 | ||
|---|---|---|---|
| 008 | 180718b1977 xxu||||| |||| 00| 0 eng d | ||
| 082 | _aB73x5441 P967 | ||
| 100 | _aPulparampil, John K. | ||
| 245 |
_aNation building from below: a historical study of the municipal government government system of an Indian state _cby John K. Pulparampil |
||
| 260 |
_aNew Delhi _bAmarko Book Agency _c1977 |
||
| 300 | _ax, 143p | ||
| 650 | _aMunicipal government -India -Gujarat -History. | ||
| 999 |
_c409192 _d409192 |
||